000 00609nam a2200217 i 4500
001 12446
003 ES-MaACL
005 20250630063512.0
007 t|
008 920806s1988 sp ||||0| spa d
016 7 _zCHM920001010
020 _a84-404-3522-3
040 _aCHM
_bspa
_cCHM
080 _a860-94"19"
100 1 _aMolina Uceda, Francisco,
_d1929-
_981968
245 1 0 _aTierra de sangre a esquiroles /
_cFrancisco Molina Uceda.
260 _a[Córdoba] :
_b[s.n.],
_cD.L. 1988.
300 _a177 p ;
_c19 cm.
852 _aES-MaACL
_jL-19808
_bR.123548
999 _c12446
_d12446